[Event "Hamburg-ch Seniors 65+ op 26th"]
[Site "Hamburg"]
[Date "2019.11.17"]
[Round "7"]
[White "Springer, Wolfgang Wilhelm"]
[Black "Wang, Huanying"]
[Result "1-0"]
[WhiteElo "1402"]
[BlackElo "1288"]
[PlyCount "99"]
[EventDate "2019.11.11"]
[EventType "swiss"]
[EventRounds "9"]
[EventCountry "GER"]
[SourceTitle "EXT 2022"]
[Source "ChessBase"]
[SourceDate "2021.10.06"]
[SourceVersion "1"]
[SourceVersionDate "2021.10.06"]
[SourceQuality "1"]

1. c4 e6 2. Nc3 Be7 3. e4 b6 4. Nf3 Bb7 5. d3 Nc6 6. g3 Bc5 7. d4 Bb4 8. Bg2 Nge7 9. 0-0 0-0 10. a3 Bxc3 11. bxc3 d6 12. d5 Na5 13. Nd2 Qc8 14. Rb1 Ng6 15. Re1 Ne5 16. Bf1 exd5 17. cxd5 c6 18. c4 cxd5 19. cxd5 Nd7 20. Bh3 Qc7 21. Qg4 Bc8 22. Kg2 Nf6 23. Qe2 Bxh3+ 24. Kxh3 Qd7+ 25. Kg2 Rfc8 26. Bb2 Ne8 27. h3 Qb7 28. Qe3 Rc5 29. Bd4 Rxd5 30. exd5 Qxd5+ 31. Nf3 Qc6 32. Rbc1 Qd7 33. Qe4 Rd8 34. Re3 Kh8 35. Ng5 f5 36. Qd3 Qb7+ 37. f3 Qd7 38. Rce1 Nc6 39. g4 h6 40. Ne6 Ne5 41. Qxf5 Rc8 42. f4 Qa4 43. fxe5 Rc2+ 44. R3e2 Qc6+ 45. Kg1 Rxe2 46. Rxe2 Qc1+ 47. Qf1 Qc4 48. exd6 Nxd6 49. Qf8+ Kh7 50. Qxg7# 1-0

[Event "Hamburg-ch Seniors 65+"]
[Site "Hamburg"]
[Date "2018.11.01"]
[Round "2"]
[White "Springer, Wolfgang Wilhelm"]
[Black "Dangelowski, Peter"]
[Result "0-1"]
[WhiteElo "1371"]
[BlackElo "1786"]
[PlyCount "84"]
[EventDate "2018.10.31"]
[EventType "swiss"]
[EventRounds "9"]
[EventCountry "GER"]
[SourceTitle "CBM 189 Extra"]
[Source "ChessBase"]
[SourceDate "2019.06.03"]
[SourceVersion "1"]
[SourceVersionDate "2019.06.03"]
[SourceQuality "1"]

1. c4 e5 2. Nc3 Nc6 3. Nf3 d6 4. g3 g6 5. Bg2 Bg7 6. d3 Nge7 7. 0-0 0-0 8. Be3 Nf5 9. Rc1 Ncd4 10. Bd2 Nxf3+ 11. Bxf3 c6 12. e3 h5 13. Bg2 Be6 14. h3 Qd7 15. Kh2 Ne7 16. e4 d5 17. b3 Rad8 18. cxd5 cxd5 19. f4 dxe4 20. Nxe4 Qxd3 21. Qc2 Qxc2 22. Rxc2 b6 23. Bb4 Rd7 24. Ng5 Bf5 25. Ne4 exf4 26. Rxf4 Be5 27. Bc3 Bxc3 28. Rxc3 Kg7 29. Rc4 Rfd8 30. g4 Be6 31. Rc2 Nd5 32. Rff2 hxg4 33. hxg4 Bxg4 34. Rcd2 f5 35. Ng5 Kf6 36. Ne4+ Ke5 37. Ng5 Kf6 38. Ne4+ Ke7 39. Ng5 Ne3 40. Rxd7+ Rxd7 41. Bh3 Bxh3 42. Nxh3 Ng4+ 0-1

[Event "GER-ch Seniors 65"]
[Site "Hamburg"]
[Date "2018.07.26"]
[Round "6"]
[White "Lahn, Horst"]
[Black "Springer, Wolfgang Wilhelm"]
[Result "1-0"]
[WhiteElo "1522"]
[BlackElo "1388"]
[PlyCount "150"]
[EventDate "2018.07.21"]
[EventType "swiss"]
[EventRounds "9"]
[EventCountry "GER"]
[SourceTitle "CBM 186 Extra"]
[Source "ChessBase"]
[SourceDate "2018.08.24"]
[SourceVersion "1"]
[SourceVersionDate "2018.08.24"]
[SourceQuality "1"]

1. d4 d5 2. c4 e6 3. Bf4 Nf6 4. h3 Be7 5. e3 0-0 6. Nf3 b6 7. Nc3 a6 8. Bd3 Bb7 9. 0-0 Nbd7 10. Qc2 dxc4 11. Bxc4 Bxf3 12. gxf3 c5 13. dxc5 Bxc5 14. Bd3 e5 15. Bg5 h6 16. Bh4 Qc8 17. Rac1 Re8 18. Rcd1 e4 19. fxe4 Re5 20. Bg3 Rh5 21. h4 Be7 22. Be2 Rc5 23. Kg2 Qc6 24. Bf3 Ne5 25. Bxe5 Rxe5 26. Rd4 Qc8 27. Qe2 Qc7 28. Nd5 Qb7 29. Nxe7+ Qxe7 30. Rh1 b5 31. a3 Rc8 32. Rd2 Nxe4 33. Rd4 Rc6 34. Qd3 Rg6+ 35. Kf1 Nc5 36. Qc2 Qf6 37. Rf4 Qe7 38. b4 Ne6 39. Rg4 Rxg4 40. Bxg4 Qe8 41. Rh3 g6 42. h5 Rg5 43. Bxe6 Qxe6 44. hxg6 Rxg6 45. Rh4 Qf6 46. Rf4 Qa1+ 47. Ke2 Kg7 48. Qb3 f6 49. Rd4 h5 50. Rd7+ Kh6 51. Qf7 Qb2+ 52. Kf3 Kg5 53. Qh7 Qe5 54. Rd1 Qf5+ 55. Ke2 Qc2+ 56. Rd2 Qc4+ 57. Ke1 Qg4 58. Rd5+ f5 59. Qe7+ Rf6 60. f4+ Kg6 61. Qe8+ Kh6 62. Qh8+ Kg6 63. Qg8+ Kh6 64. Qh8+ Kg6 65. Qg8+ Kh6 66. Qxg4 fxg4 67. Rg5 Rg6 68. Re5 Rd6 69. Kf2 Rd1 70. Kg3 Kh7 71. Rxh5+ Kg6 72. Rg5+ Kf6 73. Rxg4 Rh1 74. Kf3 Rh3+ 75. Rg3 Rh8 1-0

[Event "GER-ch Seniors 65"]
[Site "Hamburg"]
[Date "2018.07.22"]
[Round "2"]
[White "Raitza, Egon"]
[Black "Springer, Wolfgang Wilhelm"]
[Result "1-0"]
[WhiteElo "1726"]
[BlackElo "1388"]
[PlyCount "59"]
[EventDate "2018.07.21"]
[EventType "swiss"]
[EventRounds "9"]
[EventCountry "GER"]
[SourceTitle "CBM 186 Extra"]
[Source "ChessBase"]
[SourceDate "2018.08.24"]
[SourceVersion "1"]
[SourceVersionDate "2018.08.24"]
[SourceQuality "1"]

1. d4 d5 2. c4 e6 3. Nc3 Nf6 4. Bg5 Be7 5. e3 0-0 6. Bd3 b6 7. cxd5 exd5 8. Nf3 Bg4 9. Qc2 g6 10. Ne5 Ne4 11. Bxe7 Qxe7 12. Nxg4 Nxc3 13. bxc3 Qg5 14. f3 Nd7 15. 0-0 Rae8 16. Rae1 Re6 17. Qd1 h5 18. Ne5 Qe7 19. Nxd7 Qxd7 20. e4 Rfe8 21. e5 c5 22. f4 f5 23. exf6 Rxf6 24. Rxe8+ Qxe8 25. Re1 Qf7 26. g3 c4 27. Bc2 b5 28. Qe2 Qg7 29. Qe8+ Kh7 30. Re7 1-0

[Event "Hamburg-ch Seniors 23rd"]
[Site "Hamburg"]
[Date "2016.11.08"]
[Round "7"]
[White "Berking, Bernhard"]
[Black "Springer, Wolfgang Wilhelm"]
[Result "1-0"]
[WhiteElo "1626"]
[BlackElo "1358"]
[PlyCount "48"]
[EventDate "2016.11.02"]
[EventType "swiss"]
[EventRounds "9"]
[EventCountry "GER"]
[SourceTitle "EXT 2019"]
[Source "ChessBase"]
[SourceDate "2018.10.10"]
[SourceVersion "1"]
[SourceVersionDate "2018.10.10"]
[SourceQuality "1"]

1. c4 c5 2. Nc3 Nc6 3. Nf3 Nf6 4. g3 g6 5. Bg2 Bg7 6. 0-0 a6 7. d4 d6 8. d5 Ne5 9. Nxe5 dxe5 10. Be3 b6 11. d6 Ra7 12. dxe7 Qxd1 13. Raxd1 Rxe7 14. Rd6 Re6 15. Rfd1 0-0 16. Rxe6 Bxe6 17. Rd6 Bxc4 18. b3 Be6 19. Rxb6 Rd8 20. Rxa6 Nd5 21. Bxd5 Bxd5 22. Nxd5 Rxd5 23. Ra8+ Bf8 24. Bh6 f6 1-0